000 00801nam a2200217 a 4500
001 000048371
005 20201002061114.0
008 190213s2016 dr a r 000 0 spa d
020 _a9789945600643
040 _aDO-SdBNP
_bspa
_cBNPHU
082 _axxxx
_bR789m
100 1 _aRosario Ceballos, Enriquillo del,
_d1929-
_975783
245 1 0 _aMemorias de una vida intensa /
_cEnriquillo del Rosario Ceballos ; coordinadores Amín Cruz, Idelfonso Lagares y Sully Saneaux.
260 _aSanto Domingo :
_bSantuario,
_c2016.
300 _a298 p. :
_bil. ;
_c23 cm.
500 _aIncluye datos biográficos del autor en las solapas
590 _aInventariado, 2019/BT
700 1 _aCruz, Amín,
_ecoord,.
_975784
700 1 _aLagares, Idelfonso,
_ecoord.
_975785
700 1 _aSaneaux, Sully,
_ecoord.
_910108
999 _c47859
_d47859